Audiometría clínica (Record no. 121785)
[ view plain ]
| 000 -LEADER | |
|---|---|
| campo de control de longitud fija | 00782nam a2200193 4500 |
| 001 - NÚMERO DE CONTROL | |
| campo de control | 121785 |
| 003 - IDENTIFICADOR DE NÚMERO DE CONTROL | |
| campo de control | ES-MaACL |
| 007 - CAMPO FIJO DE DESCRIPCIÓN FÍSICA--INFORMACIÓN GENERAL | |
| campo de control de longitud fija | t| |
| 008 - DATOS DE LONGITUD FIJA--INFORMACIÓN GENERAL | |
| campo de control de longitud fija | 070214s1999 sp r ||||1| spa d |
| 100 1# - ENTRADA PRINCIPAL--NOMBRE DE PERSONA | |
| Nombre de persona | Portmann, Michel. |
| 9 (RLIN) | 93280 |
| 245 10 - MENCIÓN DEL TÍTULO | |
| Título | Audiometría clínica |
| Resto del título | : con atlas de gráficas audiométricas / |
| Mención de responsabilidad, etc. | por Michel Portmann, Claudine Portmann ; versión de José María Torres de Gassó ; 3ª. ed. rev. y puesta al día por José María Torres Esteban. |
| 250 ## - MENCION DE EDICION | |
| Mención de edición | 3ª. ed. rev. y puesta al día. |
| 260 ## - PUBLICACIÓN, DISTRIBUCIÓN, ETC. | |
| Lugar de publicación, distribución, etc. | Barcelona : |
| Nombre del editor, distribuidor, etc. | Toray-Masson, |
| Fecha de publicación, distribución, etc. | 1979. |
| 300 ## - DESCRIPCIÓN FÍSICA | |
| Extensión | IX, 350 p. : |
| Otras características físicas | il. ; |
| Dimensiones | 25 cm. |
| 700 1# - ENTRADA AGREGADA--NOMBRE PERSONAL | |
| Nombre de persona | Torres de Gassó, José María. |
| 9 (RLIN) | 110941 |
| 700 1# - ENTRADA AGREGADA--NOMBRE PERSONAL | |
| Nombre de persona | Portmann, Claudine. |
| 9 (RLIN) | 93278 |
| 700 1# - ENTRADA AGREGADA--NOMBRE PERSONAL | |
| Nombre de persona | Torres Esteban, José María. |
| 9 (RLIN) | 110954 |
| 852 ## - LOCALIZACIÓN | |
| Ubicación | ES-MaACL |
| Número de control de estantería | L-3291 |
| Sublocalización o colección | R.103484 |
| Estatus retirado | Estado de pérdida | Estado de daño | No para préstamo | Biblioteca de origen | Biblioteca actual | Ubicación en estantería | Fecha de adquisición | Fuente de adquisición | Total de préstamos | Signatura topográfica completa | Código de barras | Visto por última vez | Precio de reemplazo | Tipo de ítem Koha |
|---|---|---|---|---|---|---|---|---|---|---|---|---|---|---|
| Biblioteca del Ateneo de Madrid | Biblioteca del Ateneo de Madrid | Depósito 2 | 17/01/2008 | L-3291 | 1126912 | 23/02/2023 | 23/02/2023 | Libro impreso |
